| 000 | 00745nam a2200289 a 4500 | ||
|---|---|---|---|
| 001 | Z_941 | ||
| 003 | CHAP | ||
| 005 | 20251103123201.0 | ||
| 007 | ta | ||
| 008 | 220113s1989 cauao fr 001 0 eng d | ||
| 010 | _a164017 | ||
| 020 | _a0-12-170003-2 | ||
| 040 |
_cCHAP _aZ _erda |
||
| 082 | _a633.202 V3 | ||
| 100 | 1 |
_aVallentine, John F _9117649 |
|
| 245 | 1 | 0 |
_aRange development and improvements / _cJohn F. Vallentine |
| 250 | _a3 edición | ||
| 260 |
_aSan Diego, Ca. : _bAcademic Press, _c1989 |
||
| 300 |
_a524 p. : _bilus. |
||
| 500 | _aej.1: 150716 | ||
| 650 |
_aPastizales _xManejo _985944 |
||
| 650 |
_aPastizales _xMejoramiento _985947 |
||
| 901 | _a633.202 V3 | ||
| 902 | _aA | ||
| 910 | _a1989 | ||
| 942 |
_cLIBRO _2ddc |
||
| 999 |
_c164017 _d164017 |
||